¿Puedes adivinar la forma de gobierno de estos paises? Parte 2 - Estadísticas

Estadísticas generales
  • Esta prueba ha sido intentada 34 veces
  • La puntuación promedio es 8 de 15
Estadísticas de respuestas
Pregunta Respuesta % Correcto
Noruega Monarquía Constitucional
100%
Chile Presidencialismo
83%
Italia Presidencialismo
83%
India Presidencialismo
83%
Polonia Presidencialismo
83%
Emiratos Árabes Unidos Monarquía Absoluta
67%
Turquía Presidencialismo
67%
Israel Presidencialismo
67%
China Dictadura
33%
Tailandia Monarquía Constitucional
33%
Malasia Monarquía Constitucional
33%
Nicaragua Dictadura
17%
Guinea Ecuatorial Dictadura
17%
Myanmar o Birmania Dictadura
17%
Bélgica Monarquía Constitucional
17%
No se encontraron pruebas coincidentes
Distribución de puntuación
Porcentaje de gente con cada puntuación
Porcentaje por número respondido
Historial de tus puntuaciones
No has intentado esta prueba.